000 00700nam a2200241Ia 4500
003 OSt
005 20220930064304.0
006 a|||||r|||| 00| 0
007 ta
008 220926b |||||||| |||| 00| 0 eng d
024 _a4012
037 _cTheses
040 _aCRL
_cCRL
_beng
041 _2eng
_aeng
100 _aGurmeet Kaur
_9524288
110 _aUniversity of Delhi. Faculty of Arts. Department of Punjabi
_9519628
245 0 _aNarrative technique in the Punjabi novel after 1960
260 _c1990
650 _aPUNJABI LITERATURE
700 _aUniversity of Delhi. Faculty of Arts. Department of Punjabi
_9519631
942 _cDIS
_2CC
999 _c857986
_d857986